Reformez ces titres de jeux vidéos - Statistiques

Statistiques générales
  • Ce quiz a été pris 1 132 fois
  • Le résultat moyen est 10 sur 20
Statistiques - réponses
Hint Réponse % Correct
San Andreas Grand Theft Auto
86%
Modern Warfare Call of Duty
82%
Yoshi's Island Super Mario World 2
77%
Ragnarok God of War
75%
Ocarina of Time The Legend of Zelda
74%
New Horizons Animal Crossing
71%
Black Flag Assassin's Creed IV
71%
Skyrim The Elder Scrolls V
68%
Wild Hunt The Witcher 3
47%
Explorateurs de l'Ombre Pokémon Donjon Mystère
41%
Carbon Need for Speed
40%
Cauchemar au Pays des Rêves Kirby
38%
The Phantom Pain Metal Gear Solid V
37%
Among Thieves Uncharted 2
36%
The Sacred Stone Fire Emblem
24%
The Frozen Throne Warcraft III
22%
Le Royaume des Songes Dragon Quest VI
21%
The World Warrior Street Fighter II
19%
Combat Evolve Halo
18%
Opposing Force Half-Life
11%
Aucun quiz correspondant
Distribution des résultats
% des personnes avec chaque résultat
Percentile par nombre de réponses
Votre historique - résultats
Vous n’avez pas pris ce quiz